Catalog

Record Details

Catalog Search



Rozvoj grafomotoriky v předškolním věku : absolventská práce  Cover Image Book Book

Rozvoj grafomotoriky v předškolním věku : absolventská práce / Lucie Šerclová ; vedoucí práce Marie Ortová

Record details

  • Physical Description: 49 s. : 31 cm
  • Publisher: Praha : Jabok - Vyšší odborná škola sociálně pedagogická a teologická, 2011

Content descriptions

Dissertation Note:
Absolventská práce (Dis.), Jabok - Vyšší odborná škola sociálně pedagogická a teologická, 2011
Bibliography, etc. Note:
Obsahuje bibliografii

Available copies

  • 1 of 1 copy available at Common Catalog SPOK.

Holds

  • 0 current holds with 1 total copy.
Show Only Available Copies
Location Call Number / Copy Notes Barcode Shelving Location Status Due Date
Jabok Library ABP-1833 424480028291 Absolventské práce Reference -

Electronic resources

Version of Resource: Plný text


LDR ntm a22 a 4500
00117270
003CZ-PrJAB
00520180312092222.0
007ta
008 s2011 xr e 000 0 cze
035 . ‡a(CONS)17270
040 . ‡aABG312 ‡bcze
0410 . ‡acze ‡beng
072 7. ‡a159.93/.94 ‡xSenzorické a motorické funkce. Emoce ‡2Konspekt ‡917
1001 . ‡aŠerclová, Lucie ‡4aut
24510. ‡aRozvoj grafomotoriky v předškolním věku : ‡babsolventská práce / ‡cLucie Šerclová ; vedoucí práce Marie Ortová
260 . ‡aPraha : ‡bJabok - Vyšší odborná škola sociálně pedagogická a teologická, ‡c2011
300 . ‡a49 s. : ‡c31 cm
502 . ‡aAbsolventská práce (Dis.), Jabok - Vyšší odborná škola sociálně pedagogická a teologická, 2011
504 . ‡aObsahuje bibliografii
7001 . ‡aOrtová, Marie, ‡d1963- ‡4ths
7102 . ‡aJabok - Vyšší odborná škola sociálně pedagogická a teologická.
85641. ‡uhttp://is.jabok.cz/th/ndzwl/ ‡yPlný text
910 . ‡aABG312
901 . ‡a17270 ‡b ‡c17270 ‡tbiblio

Additional Resources